000 00752nam a2200217Ii 4500
003 JO-AjNU
008 230605s9999||||xx |||||||||||||| ||und||
040 _aJO-AjNU
_bara
_erda
_cJO-AjNU
041 _aara
050 1 4 _aDS247 1989
100 3 _aالأحمد، سامي سعيد,
_eauthor
_98892
245 0 0 _aالخليج العربي في التاريخ القديم
250 _aط1
264 3 1 _aبغداد: دار الشؤون الثقافية العامة، 1989
300 _a96ص
336 _atext
_btxt
_2rdacontent
337 _aunmediated
_bn
_2rdamedia
338 _avolume
_bnc
_2rdacarrier
490 0 _aسلسلة الموسوعة التاريخية الميسرة
650 4 _aالخليج العربي-تاريخ قديم
_98893
999 _aA1020
_c4588
_d4588